000 00621nam a2200181 i 4500
001 92259
003 ES-MaACL
005 20250824234605.0
007 t|
008 050224s2002 sp ||||1| spa d
245 0 0 _aLibros y material de enseñanza
_b: Curso 1972-1973 /
_cMinisterio de Información y Turismo.
260 _aMadrid :
_bInstituto Nacional del Libro Español,
_c1972.
300 _a398 ;
_c24 cm.
710 1 _aEspaña.
_bMinisterio de Información y Turismo
_93886
710 2 _aInstituto Nacional del Libro Español
_95195
852 _aES-MaACL
_jC-43676
_bR.82835
999 _c92259
_d92259